Un recorrido por las estaciones / (Record no. 19422)

MARC details
000 -LEADER
fixed length control field 01876cam a2200481Ia 4500
001 - CONTROL NUMBER
control field sjds1061092
003 - CONTROL NUMBER IDENTIFIER
control field sjds
005 - DATE AND TIME OF LATEST TRANSACTION
control field 20180403111440.0
008 - FIXED-LENGTH DATA ELEMENTS--GENERAL INFORMATION
fixed length control field 080829s2009 maua b 000 1 spa
010 ## - LIBRARY OF CONGRESS CONTROL NUMBER
LC control number 2008037944
020 ## - INTERNATIONAL STANDARD BOOK NUMBER
International Standard Book Number 9781846862915 (pbk. : alk. paper)
020 ## - INTERNATIONAL STANDARD BOOK NUMBER
International Standard Book Number 1846862914 (pbk : alk. paper)
035 ## - SYSTEM CONTROL NUMBER
System control number 395425
035 ## - SYSTEM CONTROL NUMBER
System control number (OCoLC)244420998
035 ## - SYSTEM CONTROL NUMBER
System control number 395425
040 ## - CATALOGING SOURCE
Original cataloging agency DLC
Transcribing agency DLC
Modifying agency BTCTA
-- BAKER
-- UtOrBLW
041 1# - LANGUAGE CODE
Language code of text/sound track or separate title spa
Language code of original eng
049 ## - LOCAL HOLDINGS (OCLC)
Holding library IFAA
099 ## - LOCAL FREE-TEXT CALL NUMBER (OCLC)
Classification number ESPANOL PICTURE BOOKS BLACKSTONE 2009
999 ## - SYSTEM CONTROL NUMBERS (KOHA)
Koha Dewey Subclass [OBSOLETE] ESPANOL PICTURE BOOKS BLACKSTONE 2009
100 1# - MAIN ENTRY--PERSONAL NAME
Personal name Blackstone, Stella,
Relator term author.
240 10 - UNIFORM TITLE
Uniform title <a href="Jump into January.">Jump into January.</a>
Language of a work Spanish
245 13 - TITLE STATEMENT
Title Un recorrido por las estaciones /
Statement of responsibility, etc. Stella Blackstone ; Maria Carluccio.
250 ## - EDITION STATEMENT
Edition statement Edition en rústica.
260 ## - PUBLICATION, DISTRIBUTION, ETC. (IMPRINT)
Place of publication, distribution, etc. Cambridge, MA :
Name of publisher, distributor, etc. Barefoot Books,
Date of publication, distribution, etc. 2009.
264 #1 - PRODUCTION, PUBLICATION, DISTRIBUTION, MANUFACTURE, AND COPYRIGHT NOTICE
Place of production, publication, distribution, manufacture Cambridge, MA :
Name of producer, publisher, distributor, manufacturer Barefoot Books,
Date of production, publication, distribution, manufacture, or copyright notice 2009.
300 ## - PHYSICAL DESCRIPTION
Extent 1 volume (unpaged) :
Other physical details color illustrations ;
Dimensions 25 x 26 cm
336 ## - CONTENT TYPE
Content type term text
Content type code txt
Source rdacontent
337 ## - MEDIA TYPE
Media type term unmediated
Media type code n
Source rdamedia
338 ## - CARRIER TYPE
Carrier type term volume
Carrier type code nc
Source rdacarrier
520 ## - SUMMARY, ETC.
Summary, etc. A short verse for each month of the year encourages the reader to find objects hidden in the pictures that depict that month's activities, such as ear muffs and pine trees in January, or a scooter and a picnic bench in June.
526 0# - STUDY PROGRAM INFORMATION NOTE
Program name Accelerated Reader
Interest level LG
Reading level 1.4
Title point value 0.5
Public note 130383SP
650 #0 - SUBJECT ADDED ENTRY--TOPICAL TERM
Topical term or geographic name as entry element Months
Form subdivision Juvenile fiction.
650 #0 - SUBJECT ADDED ENTRY--TOPICAL TERM
Topical term or geographic name as entry element Year
Form subdivision Juvenile fiction.
650 #0 - SUBJECT ADDED ENTRY--TOPICAL TERM
Topical term or geographic name as entry element Stories in rhyme
Form subdivision Juvenile literature.
650 #0 - SUBJECT ADDED ENTRY--TOPICAL TERM
Topical term or geographic name as entry element Picture puzzles
Form subdivision Juvenile literature.
650 #7 - SUBJECT ADDED ENTRY--TOPICAL TERM
Topical term or geographic name as entry element Meses
Form subdivision Novela juvenil.
Source of heading or term bidex
650 #7 - SUBJECT ADDED ENTRY--TOPICAL TERM
Topical term or geographic name as entry element Año
Form subdivision Novela juvenil.
Source of heading or term local
650 #7 - SUBJECT ADDED ENTRY--TOPICAL TERM
Topical term or geographic name as entry element Cuentos en rima
Form subdivision Literatura juvenil.
Source of heading or term bidex
650 #7 - SUBJECT ADDED ENTRY--TOPICAL TERM
Topical term or geographic name as entry element Rompecabezas ilustrados
Form subdivision Literatura juvenil.
Source of heading or term bidex
700 1# - ADDED ENTRY--PERSONAL NAME
Personal name Carluccio, Maria,
Relator term illustrator.
942 ## - ADDED ENTRY ELEMENTS (KOHA)
Koha item type Libro/Book

No items available.

Powered by Koha